| 000 | 00387nam a22001457a 4500 | ||
|---|---|---|---|
| 999 |
_c11428 _d11428 |
||
| 003 | OSt | ||
| 008 | 220709b ||||| |||| 00| 0 eng d | ||
| 082 | _a615.1154 GON | ||
| 100 | _aIndian Pharmacopoeia Commission | ||
| 245 | _aNational Formulary of Indian 221 | ||
| 260 |
_aGhazibad _bIndian Pharmacopoeia Commission _c2021 |
||
| 300 | _a997 | ||
| 650 | _aPharmacology | ||
| 942 |
_2ddc _cBK |
||